[Event "POR-ch Amateur U1600"]
[Site "Braga"]
[Date "2018.09.08"]
[Round "4"]
[White "Fernandes, Rui Filipe Santos"]
[Black "Pinto, Andre Jorge PA Nuno"]
[Result "0-1"]
[WhiteElo "1345"]
[BlackElo "1251"]
[PlyCount "76"]
[EventDate "2018.09.06"]
[EventType "swiss"]
[EventRounds "5"]
[EventCountry "POR"]
[SourceTitle "EXT 2024"]
[Source "ChessBase"]
[SourceDate "2023.10.10"]
[SourceVersion "1"]
[SourceVersionDate "2023.10.10"]
[SourceQuality "1"]

1. e4 c6 2. d4 d5 3. e5 Bf5 4. Bd3 Bxd3 5. Qxd3 e6 6. Nf3 Nd7 7. 0-0 c5 8. c3 cxd4 9. cxd4 Ne7 10. Nc3 Nc6 11. a3 Be7 12. b4 a6 13. Na4 0-0 14. Bd2 Nb6 15. Nxb6 Qxb6 16. Rfc1 Rfc8 17. h4 Qd8 18. Ng5 Bxg5 19. Bxg5 Qb6 20. Rc5 h6 21. Be3 Ne7 22. Rac1 Rc6 23. g4 Rac8 24. f4 Rxc5 25. dxc5 Qb5 26. Qxb5 axb5 27. h5 Nc6 28. Rd1 Ra8 29. Rd3 Kf8 30. Bd4 Nxd4 31. Rxd4 Rxa3 32. f5 Rc3 33. Kf2 Rc4 34. Ke3 Rxd4 35. Kxd4 Ke7 36. Ke3 g6 37. fxg6 fxg6 38. hxg6 Kf8 0-1

[Event "POR-ch U18"]
[Site "Luso"]
[Date "2018.03.27"]
[Round "6"]
[White "Lima, Diogo Nunes"]
[Black "Pinto, Andre Jorge PA Nuno"]
[Result "1/2-1/2"]
[WhiteElo "1187"]
[BlackElo "1220"]
[PlyCount "116"]
[EventDate "2018.03.24"]
[EventType "swiss"]
[EventRounds "7"]
[EventCountry "POR"]
[SourceTitle "EXT 2019"]
[Source "ChessBase"]
[SourceDate "2018.10.10"]
[SourceVersion "1"]
[SourceVersionDate "2018.10.10"]
[SourceQuality "1"]

1. e4 c6 2. d4 d5 3. Nc3 e6 4. e5 c5 5. Nf3 Nc6 6. dxc5 Bxc5 7. Bd3 Nge7 8. Na4 Bb6 9. Nxb6 Qxb6 10. c3 Ng6 11. Bxg6 fxg6 12. 0-0 0-0 13. Qb3 Qc7 14. Re1 Rf5 15. Be3 Nxe5 16. Nxe5 Rxe5 17. Bd4 Rxe1+ 18. Rxe1 a6 19. g3 b5 20. a4 Qc4 21. Qxc4 bxc4 22. a5 Rb8 23. Bb6 g5 24. Kg2 Rb7 25. Re3 Rf7 26. Rf3 g4 27. Rxf7 Kxf7 28. h3 gxh3+ 29. Kxh3 e5+ 30. Kg2 e4 31. Kf1 h5 32. Ke2 Ke6 33. Ke3 g6 34. Kf4 Kd6 35. Kg5 Bf5 36. Kf6 Kd7 37. Ke5 Kc6 38. Bd8 Kc5 39. Bb6+ Kc6 40. Bd8 Kd7 41. Bb6 Kc6 42. Bd8 e3 43. fxe3 Be4 44. Kd4 Kd7 45. Bg5 Kc6 46. Bd8 Kb5 47. Bc7 Ka4 48. Kc5 Bf3 49. Kb6 Kb3 50. Kxa6 Kxb2 51. Be5 Kb3 52. Kb6 d4 53. Bxd4 g5 54. Bf6 h4 55. gxh4 gxh4 56. Bxh4 Kxc3 57. Bf6+ Kd3 58. a6 Kxe3 1/2-1/2